Statistiche per Comuni della provincia di Rimini - con mappa

Clicka qui per fare il quiz!

Statistiche generali

  • Questo quiz è stato fatto 7 volte
  • Il punteggio medio è 20 su 27

Risposte nella Mappa

Le risposte nella mappa del quiz sottostante sono codificate secondo una scala di colori dal rosso al verde in base alla % di persone che hanno risposto correttamente.
 

Statistiche sulle risposte

Comune% Corretto
Bellaria-Igea Marina
100%
Cattolica
100%
Montecopiolo
100%
Riccione
100%
RIMINI
100%
San Leo
100%
Sant'Agata Feltria
100%
Verucchio
100%
Casteldelci
67%
Coriano
67%
Gemmano
67%
Maiolo
67%
Misano Adriatico
67%
Mondaino
67%
Montefiore Conca
67%
Montegridolfo
67%
Montescudo - Monte Colombo
67%
Morciano di Romagna
67%
Novafeltria
67%
Poggio Torriana
67%
Saludecio
67%
San Clemente
67%
San Giovanni in Marignano
67%
Santarcangelo di Romagna
67%
Sassofeltrio
67%
Talamello
67%
Pennabilli
33%

Distribuzione punteggi

Percentile per numero di risposta

Percentuale di utenti per punteggio

I tuoi punteggi nel tempo

Non hai fatto questo quiz